| 000 | 00382nam a2200133Ia 4500 | ||
|---|---|---|---|
| 005 | 20260328101450.0 | ||
| 008 | 260328s9999||||xx |||||||||||||| ||und|| | ||
| 100 | _aCongzhou, Chen | ||
| 245 | 0 |
_aChinese Houses : _b A pictorical tour of China's traditional dwellings / _cChen Congzhou |
|
| 260 | _bShangai Press | ||
| 300 | _a334 p. | ||
| 650 | _aARQUITECTURA RESIDENCIAL | ||
| 942 | _cBK | ||
| 999 |
_c8620 _d8620 |
||